| 000 | 01100nam a2200289 i 4500 | ||
|---|---|---|---|
| 001 | 193657 | ||
| 003 | ES-MaACL | ||
| 005 | 20250826063153.0 | ||
| 007 | ta | ||
| 008 | 240202s1917 sp | |||| 000 spa | ||
| 040 | _aEs-MaACL | ||
| 245 | 0 | 0 |
_aExposición, inaugurada ayer, de cuadros del pintor Eduardo Navarro : _ben el Ateneo de Madrid / _c[fotografía], Julio Duque |
| 264 | 1 |
_a[Madrid : _bABC, _c1917] |
|
| 300 |
_a1 página : _b1 ilustración ; _c30 cm |
||
| 336 |
_aTexto _2rdacontent |
||
| 337 |
_asin mediación _2rdamedia |
||
| 338 |
_avolumen _2rdacarrier |
||
| 500 | _aFotocopia de la fotografía de la exposición del pintor Eduardo Navarro en el Ateneo de Madrid, publicada en "ABC", 4 de enero de 1917 | ||
| 600 | 1 | 4 |
_aNavarro, Eduardo, _d1886-1957 _9235026 |
| 610 | 2 |
_aAteneo de Madrid- _vExposiciones- _y1900-1929 _9235150 |
|
| 655 | 4 |
_aFotografías _9242033 |
|
| 700 | 1 |
_9235025 _aDuque, Julio, _dca. 1870-1936 _epht |
|
| 852 | 4 |
_aES-MaACL _cDEPOF _j2347-F-30 _9201173 |
|
| 942 |
_2udc _cART_PRENSA _n0 |
||
| 999 |
_c193657 _d193657 |
||